000
00508nam a2200181Ia 4500
008
090123s9999 xx 000 0 und d
082
_b
5992
100
_a
इंगळे मधुकर
245
_a
देवयानी
250
_a
1
260
_b
नारायण मुद्रणालय
300
_a
24
600
_a
इंगळे मधुकर
630
_a
देवयानी
700
_a
इंगळे मधुकर
730
_a
देवयानी
942
_c
BOOK
999
_c
44056
_d
44056